[Event "CAN-ch U18"]
[Site "Windsor"]
[Date "2015.07.08"]
[Round "5.4"]
[White "Leber, Andrew"]
[Black "Othman, Gaffar"]
[Result "1-0"]
[WhiteElo "1050"]
[BlackElo "1183"]
[PlyCount "143"]
[EventDate "2015.07.06"]
[EventType "tourn"]
[EventRounds "7"]
[EventCountry "CAN"]
[SourceTitle "EXT 2022"]
[Source "ChessBase"]
[SourceDate "2021.10.06"]
[SourceVersion "1"]
[SourceVersionDate "2021.10.06"]
[SourceQuality "1"]

1. e4 e5 2. Nf3 Nc6 3. Bc4 Nf6 4. d3 Bc5 5. 0-0 d5 6. exd5 Nxd5 7. Re1 Bg4 8. h3 Bxf3 9. Qxf3 0-0 10. Qxd5 Bd6 11. c3 Qf6 12. Qf3 Qe7 13. Nd2 Qd7 14. Ne4 Be7 15. Qg3 g6 16. Bg5 Kg7 17. Qh4 f5 18. Bxe7 Qxe7 19. Ng5 Kh8 20. Nf3 Rae8 21. Qxe7 Rxe7 22. d4 e4 23. Nd2 Rd8 24. b4 a6 25. Nb3 b6 26. Bxa6 Na7 27. Bf1 Rde8 28. f4 exf3 29. Rxe7 Rxe7 30. Kf2 fxg2 31. Bxg2 Nb5 32. Rc1 f4 33. Bf1 Nd6 34. Re1 Rd7 35. h4 Nf5 36. Bh3 Rf7 37. Bxf5 Rxf5 38. Kf3 h6 39. Re8+ Kg7 40. Re7+ Kf8 41. Rxc7 Rf6 42. Nd2 Ke8 43. Ne4 Re6 44. Kxf4 Kd8 45. Ra7 Kc8 46. d5 g5+ 47. hxg5 hxg5+ 48. Kf5 Rh6 49. Nxg5 Rh2 50. Ne6 Rh5+ 51. Ke4 Rh4+ 52. Ke5 Rh5+ 53. Kd6 Rh6 54. Kc6 Kb8 55. Kxb6 Kc8 56. Rc7+ Kb8 57. Rd7 Rh8 58. Rd8+ Rxd8 59. Nxd8 Kc8 60. a4 Kxd8 61. Kb7 Kd7 62. a5 Kd6 63. a6 Kxd5 64. a7 Kc4 65. a8Q Kxc3 66. Qd8 Kxb4 67. Qc7 Kb5 68. Qc3 Ka4 69. Qb2 Ka5 70. Kc6 Ka4 71. Kc5 Ka5 72. Qb5# 1-0

[Event "CAN-ch U18"]
[Site "Windsor"]
[Date "2015.07.06"]
[Round "1.2"]
[White "Kalra, Agastya"]
[Black "Othman, Gaffar"]
[Result "1-0"]
[WhiteElo "2081"]
[BlackElo "1183"]
[PlyCount "71"]
[EventDate "2015.07.06"]
[EventType "tourn"]
[EventRounds "7"]
[EventCountry "CAN"]
[SourceTitle "EXT 2022"]
[Source "ChessBase"]
[SourceDate "2021.10.06"]
[SourceVersion "1"]
[SourceVersionDate "2021.10.06"]
[SourceQuality "1"]

1. e4 e5 2. Nf3 Nc6 3. Nc3 d6 4. Bc4 f5 5. d3 f4 6. g3 Bg4 7. h3 Bxf3 8. Qxf3 Nd4 9. Qd1 f3 10. Be3 Qf6 11. Nd5 Qf7 12. Bxd4 exd4 13. Nb6 Qf6 14. Nxa8 d5 15. Nxc7+ Kd8 16. Nxd5 Qd6 17. Qxf3 Nf6 18. Qf4 Qc6 19. Nxf6 gxf6 20. 0-0 Be7 21. Qb8+ Qc8 22. Qxc8+ Kxc8 23. f4 h5 24. e5 f5 25. Be6+ Kc7 26. Bxf5 b5 27. Bg6 h4 28. g4 a5 29. f5 Bg5 30. f6 Rf8 31. Rf5 Be3+ 32. Kg2 Kd7 33. Raf1 Ke6 34. f7 b4 35. Rf6+ Kxe5 36. R1f5# 1-0